000 00540nam a22001817a 4500
003 KOHA_MİRAKIL
005 20251209113747.0
008 251209b tu ||||| |||| 00| 0 tur d
020 _a9789944252034
040 _aTR-AnABB
_btur
_cTR-AnABB
041 _atur
082 _a016.091
_bMAC 2007
245 1 0 _aMacar Bilimler Akademisi Kütüphanesi'ndeki Türkçe el yazmaları kataloğu /
260 _aAnkara :
_bTÜBA,
_c2007
300 _a565 sayfa ;
_c28 cm
650 0 4 _aMacar Bilimler Akademisi Kütüphanesi
942 _2ddc
_cBK
999 _c9732
_d9732
900 _bGizem YORULMAZ